000 00562nam a2200181Ia 4500
008 090123s9999 xx 000 0 und d
082 _b20329
_a891.463/वाळि
100 _aवाळिंबे शरदचंद्र
245 _aअलबेला
250 _a1
260 _bआशिष प्रकाशन
_c1989
300 _a198
600 _aवाळिंबे शरदचंद्र
630 _aअलबेला
700 _aवाळिंबे शरदचंद्र
730 _aअलबेला
942 _cBOOK
999 _c58401
_d58401